[Event "Oravska Priehrada op"]
[Site "Namestovo"]
[Date "2017.08.26"]
[Round "3"]
[White "Stevik, Patrik1111"]
[Black "Keckes, Marian"]
[Result "1-0"]
[WhiteElo "1899"]
[BlackElo "1487"]
[PlyCount "120"]
[EventDate "2017.08.25"]
[EventType "swiss"]
[EventRounds "7"]
[EventCountry "SVK"]
[SourceTitle "CBM 180 Extra"]
[Source "ChessBase"]
[SourceDate "2017.10.06"]
[SourceVersion "1"]
[SourceVersionDate "2017.10.06"]
[SourceQuality "1"]

1. e4 Nc6 2. d4 e6 3. Nf3 d6 4. a3 Nf6 5. Bd3 g6 6. Nc3 a6 7. e5 Nd7 8. Bg5 Be7 9. Bxe7 Qxe7 10. Qe2 b5 11. 0-0 Bb7 12. Rfe1 dxe5 13. dxe5 Nc5 14. Be4 Nxe4 15. Nxe4 0-0-0 16. Rad1 Rd5 17. Nf6 Rxe5 18. Nxe5 Qxf6 19. Nxc6 Bxc6 20. Qe5 Qxe5 21. Rxe5 h5 22. Rc5 Kb7 23. f4 f6 24. Re1 Kb6 25. b4 Bd7 26. Kf2 Rg8 27. Rd1 Rd8 28. Rd3 a5 29. h3 axb4 30. axb4 c6 31. c4 bxc4 32. Rxc4 Kc7 33. b5 Ra8 34. bxc6 Ra2+ 35. Ke3 Bxc6 36. Rdc3 Ra6 37. Kd4 Kb7 38. Rg3 Bb5 39. Rb4 Rd6+ 40. Kc3 Rc6+ 41. Kb2 Kb6 42. Rxg6 Ka5 43. Rb3 Bc4 44. Rc3 Rb6+ 45. Kc2 Kb4 46. Rxf6 Ra6 47. Rg3 Ra2+ 48. Kd1 h4 49. Re3 Rxg2 50. Rf8 Rg3 51. Rxg3 hxg3 52. Rg8 e5 53. Rxg3 exf4 54. Rf3 Kc5 55. Rxf4 Be6 56. h4 Bb3+ 57. Kd2 Ba4 58. h5 Be8 59. h6 Bg6 60. Rg4 Bh7 1-0

[Event "Oravska Priehrada op"]
[Site "Namestovo"]
[Date "2017.08.25"]
[Round "1"]
[White "Trangos, Miroslav"]
[Black "Keckes, Marian"]
[Result "1-0"]
[WhiteElo "1941"]
[BlackElo "1487"]
[PlyCount "83"]
[EventDate "2017.08.25"]
[EventType "swiss"]
[EventRounds "7"]
[EventCountry "SVK"]
[SourceTitle "CBM 180 Extra"]
[Source "ChessBase"]
[SourceDate "2017.10.06"]
[SourceVersion "1"]
[SourceVersionDate "2017.10.06"]
[SourceQuality "1"]

1. d4 d5 2. g3 Nf6 3. Bg2 g6 4. Nf3 Nc6 5. c4 dxc4 6. Nc3 Bg7 7. d5 Nb8 8. 0-0 0-0 9. e4 c6 10. Be3 Ng4 11. Bd4 Bxd4 12. Qxd4 Re8 13. Rad1 Qc7 14. h3 Nf6 15. Qxc4 Nbd7 16. Rfe1 Nh5 17. b4 Ne5 18. Nxe5 Qxe5 19. dxc6 bxc6 20. Qxc6 Be6 21. Nd5 Bxd5 22. exd5 Qd6 23. Rc1 Rac8 24. Qxd6 exd6 25. Rxe8+ Rxe8 26. Rc6 Rd8 27. Rc7 a5 28. b5 Rb8 29. a4 Nf6 30. Ra7 Rc8 31. Rxa5 Rc5 32. Ra8+ Kg7 33. b6 Nd7 34. a5 Rc1+ 35. Kh2 Nc5 36. Rc8 Ra1 37. Rxc5 dxc5 38. b7 Rb1 39. a6 Rb6 40. a7 Rxb7 41. a8Q Re7 42. d6 1-0